000 00579nam a2200205Ia 4500
005 20250508162929.0
008 008 250505s9999 xx 000 0 eng d
037 _aTextual
040 _aFEDL
_beng
_cFEDL
041 _aeng
_2eng
084 _a371, CHA
_qFEDL
100 _aChauhan S S
_9770026
245 0 _aInnovations in teaching-learning process
250 _aRev ed.2
260 _aNew Delhi, India
_bVikas Publishing House Private Limited
_c1985
300 _aviii,190p.
365 _aINR
_b75
942 _cTEXL
_h371, CHA
999 _c1379490
_d1379490